B. Sc. Practical Physics (Record no. 5157)
[ view plain ]
| 000 -LEADER | |
|---|---|
| fixed length control field | 00462nam a2200205Ia 4500 |
| 003 - CONTROL NUMBER IDENTIFIER | |
| control field | OSt |
| 005 - DATE AND TIME OF LATEST TRANSACTION | |
| control field | 20260223124540.0 |
| 008 - FIXED-LENGTH DATA ELEMENTS--GENERAL INFORMATION | |
| fixed length control field | 230711s9999||||xx |||||||||||||| ||und|| |
| 020 ## - INTERNATIONAL STANDARD BOOK NUMBER | |
| International Standard Book Number | 81-219-0909-0 |
| 040 ## - CATALOGING SOURCE | |
| Transcribing agency | MRSPTU |
| 041 ## - LANGUAGE CODE | |
| Language code of text/sound track or separate title | ENG |
| 082 ## - DEWEY DECIMAL CLASSIFICATION NUMBER | |
| Classification number | 530 |
| Item number | AR-P |
| 100 ## - MAIN ENTRY--PERSONAL NAME | |
| Personal name | Arora,C.L |
| 245 #0 - TITLE STATEMENT | |
| Title | B. Sc. Practical Physics |
| 250 ## - EDITION STATEMENT | |
| Edition statement | 19th Ed. |
| 260 ## - PUBLICATION, DISTRIBUTION, ETC. | |
| Date of publication, distribution, etc. | 2011 |
| Place of publication, distribution, etc. | New Delhi |
| Name of publisher, distributor, etc. | S.Chand Publishing |
| 300 ## - PHYSICAL DESCRIPTION | |
| Extent | 693 |
| 650 ## - SUBJECT ADDED ENTRY--TOPICAL TERM | |
| Topical term or geographic name entry element | Physics |
| 942 ## - ADDED ENTRY ELEMENTS (KOHA) | |
| Koha item type | Book |
| Source of classification or shelving scheme | Dewey Decimal Classification |
| Withdrawn status | Lost status | Damaged status | Not for loan | Collection | Home library | Current library | Date acquired | Total checkouts | Full call number | Barcode | Date last seen | Price effective from | Koha item type | Date due | Date last checked out |
|---|---|---|---|---|---|---|---|---|---|---|---|---|---|---|---|
| MRSPTU Central Library | MRSPTU Central Library | 530 AR-P | 19606 | 08/17/2023 | 08/17/2023 | Book | |||||||||
| MRSPTU Central Library | MRSPTU Central Library | 530 AR-P | 19607 | 08/17/2023 | 08/17/2023 | Book | |||||||||
| MRSPTU Central Library | MRSPTU Central Library | 530 AR-P | 19608 | 08/17/2023 | 08/17/2023 | Book | |||||||||
| MRSPTU Central Library | MRSPTU Central Library | 530 AR-P | 19609 | 08/17/2023 | 08/17/2023 | Book | |||||||||
| MRSPTU Central Library | MRSPTU Central Library | 1 | 530 AR-P | 19610 | 02/04/2026 | 08/17/2023 | Book | 02/25/2026 | 02/04/2026 | ||||||
| MRSPTU Central Library | MRSPTU Central Library | 2 | 530 AR-P | 19611 | 07/24/2025 | 08/17/2023 | Book | 01/30/2025 | |||||||
| MRSPTU Central Library | MRSPTU Central Library | 1 | 530 AR-P | 19612 | 10/30/2025 | 08/17/2023 | Book | 10/08/2025 | |||||||
| MRSPTU Central Library | MRSPTU Central Library | 530 AR-P | 19613 | 08/17/2023 | 08/17/2023 | Book | |||||||||
| MRSPTU Central Library | MRSPTU Central Library | 530 AR-P | 19614 | 08/17/2023 | 08/17/2023 | Book | |||||||||
| MRSPTU Central Library | MRSPTU Central Library | 530 AR-P | 19615 | 08/17/2023 | 08/17/2023 | Book | |||||||||
| MRSPTU Central Library | MRSPTU Central Library | 530 AR-P | 19616 | 08/17/2023 | 08/17/2023 | Book | |||||||||
| MRSPTU Central Library | MRSPTU Central Library | 530 AR-P | 19617 | 08/17/2023 | 08/17/2023 | Book | |||||||||
| MRSPTU Central Library | MRSPTU Central Library | 1 | 530 AR-P | 19618 | 03/13/2026 | 08/17/2023 | Book | 02/20/2026 | |||||||
| MRSPTU Central Library | MRSPTU Central Library | 2 | 530 AR-P | 19619 | 03/12/2024 | 08/17/2023 | Book | 02/22/2024 | |||||||
| MRSPTU Central Library | MRSPTU Central Library | 530 AR-P | 19620 | 08/17/2023 | 08/17/2023 | Book |
